| 000 | 00780nam a22001577a 4500 | ||
|---|---|---|---|
| 003 | OSt | ||
| 005 | 20151003163649.0 | ||
| 008 | 151003b xxu||||| |||| 00| 0 eng d | ||
| 040 | _cRUA | ||
| 082 | _aAVM YEM 1998 B071 Or.1 | ||
| 100 |
_91945 _aYEM, KIMLEANG. |
||
| 245 | _aThe prospective of VLA's role in cattle and buffalo diseases prevention and control in north-western cambodia, ការប្រមើរមើលនៃតួនាទីរបស់ភ្នាកងារពេទ្យសត្វភូមិ(VLA) ក្នុងការត្រួតពិនិត្យ និងការពារជំងឺ គោ ក្របីនៅភូមិភាគពាយព្យ | ||
| 260 |
_aPhnom Penh _bRUA _c1998 |
||
| 300 |
_a53p. _bil. _c29cm. |
||
| 942 |
_2ddc _cAVM |
||
| 999 |
_c1838 _d1838 |
||